Loading...
| Science - Biology | 9 | 1 | 0 | 0 | 145 | 15 | 55.40 | 10 | 10 |
| Science - Other Science | 2 | 8 | 1 | 1 | 105 | 45 | 91.30 | 5 | 10 |
| Science - Chemistry | 3 | 5 | 1 | 0 | 90 | 27 | 63.88 | 8 | 8 |
| Science - Physics | 3 | 4 | 1 | 0 | 80 | 42 | 64.14 | 7 | 7 |
| Social Science | 1 | 5 | 2 | 2 | 55 | 32 | 102.50 | 4 | 6 |
| History - World History | 2 | 3 | 1 | 1 | 55 | 44 | 90.00 | 3 | 5 |
| Geography | 0 | 5 | 1 | 2 | 45 | 79 | 114.80 | 1 | 5 |
| Current Events | 2 | 1 | 0 | 1 | 40 | 41 | 76.00 | 2 | 3 |
| Fine Arts - Auditory Fine Arts | 0 | 4 | 0 | 0 | 40 | 135 | 146.00 | 0 | 4 |
| History - American History | 0 | 4 | 1 | 1 | 35 | 86 | 105.75 | 1 | 4 |
| Other Academic | 1 | 2 | 0 | 0 | 35 | 65 | 101.33 | 2 | 3 |
| Religion | 0 | 3 | 0 | 0 | 30 | 121 | 127.00 | 0 | 3 |
| Fine Arts - Visual Fine Arts | 0 | 4 | 2 | 0 | 30 | 75 | 98.00 | 2 | 4 |
| Literature - World Literature | 1 | 1 | 0 | 0 | 25 | 69 | 102.50 | 1 | 2 |
| Philosophy | 1 | 1 | 0 | 1 | 25 | 50 | 71.00 | 1 | 2 |
| History - Ancient History | 0 | 3 | 1 | 0 | 25 | 87 | 121.00 | 1 | 3 |
| Mythology | 0 | 2 | 0 | 0 | 20 | 128 | 130.00 | 2 | 2 |
| History - European History | 1 | 1 | 2 | 1 | 15 | 49 | 92.50 | 2 | 2 |
| Literature - British Literature | 0 | 1 | 0 | 0 | 10 | 96 | 96.00 | 1 | 1 |